Geography Quiz

Random Geography or State Quiz

Same End - Different State Quiz Stats

 Plays Quiz Updated Dec 12, 2018

Also try: States per Letter
Challenge
Share
Tweet
Embed
Score 0/7 Timer 01:00
0 Plays Today
Number of States Last Three Letters % Correct
4NIA
90.4%
3OTA
77.4%
2INA
72.2%
3ANA
58.9%
2SAS
49%
2AND
44.3%
2SKA
40%

You're not logged in!

Compare scores with friends on all Sporcle quizzes.
OR
Log In

You Might Also Like...

Show Comments

Extras

Top Quizzes Today


Score Distribution

Your Account Isn't Verified!

In order to create a playlist on Sporcle, you need to verify the email address you used during registration. Go to your Sporcle Settings to finish the process.

Report this User

Report this user for behavior that violates our Community Guidelines.

Details: